Oral and maxillofacial medicine : (Record no. 22504)
[ view plain ]
| 000 -LEADER | |
|---|---|
| fixed length control field | 01149cam a22003375i 4500 |
| 001 - CONTROL NUMBER | |
| control field | 17066499 |
| 003 - CONTROL NUMBER IDENTIFIER | |
| control field | EG-ScBUE |
| 005 - DATE AND TIME OF LATEST TRANSACTION | |
| control field | 20201203113833.0 |
| 008 - FIXED-LENGTH DATA ELEMENTS--GENERAL INFORMATION | |
| fixed length control field | 111130s2013 stka frbd 001 0 eng d |
| 020 ## - INTERNATIONAL STANDARD BOOK NUMBER | |
| International Standard Book Number | 9780702049484 |
| 040 ## - CATALOGING SOURCE | |
| Original cataloging agency | DNLM/DLC |
| Language of cataloging | eng |
| Description conventions | rda |
| Transcribing agency | DLC |
| Modifying agency | DLC |
| -- | EG-ScBUE |
| 082 04 - DEWEY DECIMAL CLASSIFICATION NUMBER | |
| Classification number | 617.63 |
| Item number | SCU |
| Edition number | 22 |
| 100 1# - MAIN ENTRY--PERSONAL NAME | |
| Personal name | Scully, Crispian, |
| Relator term | author. |
| 9 (RLIN) | 39068 |
| 245 10 - TITLE STATEMENT | |
| Title | Oral and maxillofacial medicine : |
| Remainder of title | the basis of diagnosis and treatment / |
| Statement of responsibility, etc | Crispian Scully. |
| 250 ## - EDITION STATEMENT | |
| Edition statement | Third edition. |
| 264 #1 - PUBLICATION, DISTRIBUTION, ETC. (IMPRINT) | |
| Place of publication, distribution, etc | Edinburgh ; |
| -- | New York : |
| Name of publisher, distributor, etc | Churchill Livingstone / Elsevier, |
| Date of publication, distribution, etc | 2013. |
| 300 ## - PHYSICAL DESCRIPTION | |
| Extent | xi, 435 pages : |
| Other physical details | illustrations (color) ; |
| Dimensions | 29 cm |
| 336 ## - CONTENT TYPE | |
| Content type term | text |
| Content type code | txt |
| Source | rdacontent |
| 337 ## - MEDIA TYPE | |
| Media type term | unmediated |
| Media type code | n |
| Source | rdamedia |
| 338 ## - CARRIER TYPE | |
| Carrier type term | volume |
| Carrier type code | nc |
| Source | rdacarrier |
| 500 ## - GENERAL NOTE | |
| General note | Glossary : p. 411-412. |
| 500 ## - GENERAL NOTE | |
| General note | Index : p. 413-435. |
| 504 ## - BIBLIOGRAPHY, ETC. NOTE | |
| Bibliography, etc | Includes bibliographical references. |
| 650 #7 - SUBJECT ADDED ENTRY--TOPICAL TERM | |
| Topical term or geographic name as entry element | Oral medicine. |
| Source of heading or term | BUEsh |
| 9 (RLIN) | 41422 |
| 650 #7 - SUBJECT ADDED ENTRY--TOPICAL TERM | |
| Topical term or geographic name as entry element | Mouth |
| General subdivision | Diseases |
| -- | Diagnosis |
| Source of heading or term | BUEsh |
| 9 (RLIN) | 41423 |
| 650 #7 - SUBJECT ADDED ENTRY--TOPICAL TERM | |
| Topical term or geographic name as entry element | Tooth Diseases |
| General subdivision | Diagnosis. |
| Source of heading or term | BUEsh |
| 651 ## - SUBJECT ADDED ENTRY--GEOGRAPHIC NAME | |
| Source of heading or term | BUEsh |
| 653 ## - INDEX TERM--UNCONTROLLED | |
| Resource For college | Dentistry |
| -- | Pharmacy |
| Arrived date list | October2016 |
| 655 ## - INDEX TERM--GENRE/FORM | |
| Form subdivision | Text book |
| 9 (RLIN) | 33728 |
| 942 ## - ADDED ENTRY ELEMENTS (KOHA) | |
| Source of classification or shelving scheme | Dewey Decimal Classification |
| Koha item type | Book - Borrowing |
| Withdrawn status | Lost status | Source of classification or shelving scheme | Damaged status | Not for loan | Collection code | Home library | Current library | Shelving location | Date acquired | Source of acquisition | Cost, normal purchase price | Total Checkouts | Total Renewals | Full call number | Barcode | Date last seen | Date checked out | Koha item type | Price effective from |
|---|---|---|---|---|---|---|---|---|---|---|---|---|---|---|---|---|---|---|---|
| Dewey Decimal Classification | Baccah | Central Library | Central Library | First floor | 11/10/2016 | Purchase | 1080.00 | 2 | 7 | 617.63 SCU | 000033997 | 15/07/2025 | 30/07/2019 | Book - Borrowing | |||||
| Dewey Decimal Classification | Baccah | Central Library | Central Library | First floor | 11/10/2016 | Purchase | 1080.00 | 1 | 10 | 617.63 SCU | 000033998 | 15/07/2025 | 30/09/2018 | Book - Borrowing | |||||
| Dewey Decimal Classification | Baccah | Central Library | Central Library | First floor | 11/10/2016 | Purchase | 1080.00 | 1 | 2 | 617.63 SCU | 000033999 | 15/07/2025 | 25/02/2019 | Book - Borrowing | |||||
| Dewey Decimal Classification | Baccah | Central Library | Central Library | First floor | 11/10/2016 | Purchase | 617.63 SCU | 000034000 | 15/07/2025 | Book - Borrowing | 11/10/2016 | ||||||||
| Dewey Decimal Classification | Baccah | Central Library | Central Library | First floor | 11/10/2016 | Purchase | 1 | 617.63 SCU | 000034001 | 15/07/2025 | 18/03/2019 | Book - Borrowing | 11/10/2016 | ||||||
| Dewey Decimal Classification | Baccah | Central Library | Central Library | First floor | 11/10/2016 | Purchase | 617.63 SCU | 000034002 | 15/07/2025 | Book - Borrowing | 11/10/2016 | ||||||||
| Dewey Decimal Classification | Baccah | Central Library | Central Library | First floor | 11/10/2016 | Purchase | 617.63 SCU | 000034003 | 15/07/2025 | Book - Borrowing | 11/10/2016 | ||||||||
| Dewey Decimal Classification | Baccah | Central Library | Central Library | First floor | 11/10/2016 | Purchase | 617.63 SCU | 000034004 | 15/07/2025 | Book - Borrowing | 11/10/2016 |